000 01056nam a2200253 a 4500
001 83906
003 BD-RjUL
005 20240605104314.0
008 240605s2005 bg a|||| m||| 00| 0 eng d
035 _a(BD-RjUL)83906
040 _aBD-RjUL
_beng
_cBD-RjUL
_dBD-RjUL
041 _aeng
082 _223
_a632.96
_bSAE 2005
100 _aSaha, Birendro Nath
_913214
245 1 0 _aEffects of Anisopteromalus Calandrae (How.) (Hemiptera : Anthocoridae) and Gamma Irradiation on Callosobruchus Chinensis (L.) /
_cBy Birendro Nath Saha ;
_6Supervisor : Md. Ataur Rahman Khan, Supervisor : Md. Wahedul Islam
260 _aRajshahi :
_bInstitute of Biological Sciences, University of Rajshahi,
_c2005
300 _aviii, 354 Leaves :
_bill, ;
_c29 cm.
502 _aThesis (Ph. D.) -- Institute of Biological Sciences, University of Rajshahi, 2005
504 _aLiterature Cited : Leaves [240]-287
650 _aBiological Control
700 _aKhan, Md. Ataur Rahman, Supervisor
_95714
700 _aIslam, Md. Wahedul, Supervisor
_93105
942 _2ddc
_cTHE
999 _c83906
_d83906